British journal of physiological optics.

Bibliographic Details
New Title:Ophthalmic & physiological optics
Previous Title:Dioptric review and the British journal of physiological optics
Corporate Author: British Optical Association
Format: Journal
Language:English
Published: [London] : [British Optical Association], [1950-1980]
Subjects:
Online Availability: Check for online availability

MARC

Tag First Indicator Second Indicator Subfields
LEADER 00000cas a2200000 a 4500
001 in00004455000
005 20191202121045.0
008 750812d19501980enkqr2p 0uuua0eng d
010 |a sc 79002745   |z sn 78002488  
022 0 |a 0007-1218 
030 |a BJPOAN 
035 |a (OCoLC)01537301 
035 |z (UtOrBLW)2366 
035 |a 3708 
040 |a MUL  |c MUL  |d UCU  |d NSD  |d DLC  |d NSD  |d NST  |d OCL  |d RCS  |d NST  |d TMV  |d UtOrBLW 
042 |a nsdp  |a lc 
049 |a [Shelved] [by Title] TMVM 
060 0 0 |a W1 BR603D 
060 4 |a x 
069 1 |a B35240000 
210 0 |a Br. j. physiol. opt. 
222 0 |a British journal of physiological optics 
245 0 0 |a British journal of physiological optics. 
246 1 0 |a Br J Physiol Opt 
264 1 |a [London] :  |b [British Optical Association],  |c [1950-1980] 
300 |a 28 volumes :  |b illustrations ;  |c 25 cm. 
310 |a Quarterly 
336 |a text  |2 rdacontent  |b txt 
337 |a unmediated  |2 rdamedia 
338 |a volume  |2 rdacarrier  |b nc 
362 0 |a New series, vol. 7, no. 1 (Jan. 1950)-v. 34 (1980). 
500 |a Title from cover; description based on: volume 31, number 1, published in 1976. 
515 |a None published in 1977; single issue published for v. 34 (1980). 
650 2 |a Optometry. 
650 2 |a Vision, Ocular. 
655 2 |a Periodicals. 
710 2 |a British Optical Association. 
780 0 0 |t Dioptric review and the British journal of physiological optics 
785 0 0 |t Ophthalmic & physiological optics  |x 0275-5408  |w (OCoLC)7159339  |g 1981 
999 |a MARS 
999 f f |s 473e4c40-3c49-3ad2-be8c-5a1dab478dea  |i 89c75023-645a-3e61-b267-304e79591748  |t 0 
952 f f |p ric  |a Texas A&M University  |b Rellis Campus  |c Joint Library Facility  |d Remote Storage  |t 0  |h No information provided  |i unmediated -- volume  |k v.32  |l 1978  |m 3238900427498 
952 f f |p ric  |a Texas A&M University  |b Rellis Campus  |c Joint Library Facility  |d Remote Storage  |t 0  |h No information provided  |i unmediated -- volume  |k v.33/34  |l 1979/1980  |m 3238900427487 
952 f f |p ric  |a Texas A&M University  |b Rellis Campus  |c Joint Library Facility  |d Remote Storage  |t 0  |h No information provided  |i unmediated -- volume  |k v.31  |l 1976  |m 3238900427476 
952 f f |p ric  |a Texas A&M University  |b Rellis Campus  |c Joint Library Facility  |d Remote Storage  |t 0  |h No information provided  |i unmediated -- volume  |k Index: v.1/34  |l 1940/1980  |m 323890083937C 
998 f f |s v.31(1976)-v.34(1980)  |t 0  |l Remote Storage